[Event "Interclubs Adultes"]
[Site "BELFORT"]
[Date "15.??.??"]
[Round "8.5"]
[White "Benmesbah, Natacha"]
[Black "Li, Frederic"]
[Result "0-1"]
[WhiteElo "2211"]
[BlackElo "2107"]
[PlyCount "126"]
[EventDate "15.??.??"]
[WhiteTeam "C.E.I. Toulouse"]
[BlackTeam "Creteil"]

1. e4 e5 2. Nf3 Nc6 3. Nc3 Nf6 4. a3 Bc5 5. Nxe5 Nxe5 6. d4 Bd6 7. dxe5 Bxe5 8.
Bg5 h6 9. Bh4 Bxc3+ 10. bxc3 Qe7 11. Bd3 d5 12. O-O dxe4 13. Bxe4 g5 14. Re1
Nxe4 15. Qd4 O-O 16. Rxe4 Be6 17. Rae1 Rfd8 18. Qe3 gxh4 19. Qxh6 Qf8 20. Qxh4
Qg7 21. R4e3 Bf5 22. Qf4 Bxc2 23. Rg3 Bg6 24. h4 Rd5 25. Qxc7 Qf6 26. Qxb7 Rad8
27. Qxa7 Rd1 28. Qe3 Qxh4 29. Qe2 Rxe1+ 30. Qxe1 Qh5 31. Rf3 Qc5 32. Re3 Qxa3
33. Re8+ Rxe8 34. Qxe8+ Qf8 35. Qe5 Qd8 36. f3 Qb6+ 37. Kh2 Qe6 38. Qd4 f6 39.
g4 Be8 40. Kg3 Bc6 41. Qd8+ Kg7 42. Qc7+ Kg6 43. Kf2 Qc4 44. Qa5 Qf4 45. Qh5+
Kg7 46. Qh3 Qd2+ 47. Kg3 Qxc3 48. Qf1 Qe5+ 49. f4 Qe3+ 50. Kh4 Bf3 51. f5 Qg5+
52. Kg3 Qxg4+ 53. Kf2 Qxf5 54. Qc1 Bg4+ 55. Kg1 Qe5 56. Qa3 Qe1+ 57. Kg2 Qe2+
58. Kg1 Kg6 59. Qc3 Bf3 60. Qa3 Qe1+ 61. Kh2 Be4 62. Qb3 Qf2+ 63. Kh3 Qf3+ 0-1

[Event "Interclubs Adultes"]
[Site "BELFORT"]
[Date "15.??.??"]
[Round "8.6"]
[White "Lam, Sophie"]
[Black "Rodriguez, Angel"]
[Result "1/2-1/2"]
[WhiteElo "2073"]
[BlackElo "2117"]
[PlyCount "120"]
[EventDate "15.??.??"]
[WhiteTeam "Creteil"]
[BlackTeam "C.E.I. Toulouse"]

1. e4 e6 2. d4 d5 3. Nd2 a6 4. Bd3 c5 5. dxc5 Bxc5 6. Ngf3 Nf6 7. O-O Nc6 8. c3
O-O 9. e5 Nd7 10. Nb3 Be7 11. Qe2 Kh8 12. Bc2 f5 13. exf6 Bxf6 14. Nfd4 Nde5
15. Bf4 Qe8 16. Rae1 Nc4 17. Bc1 e5 18. Nf5 g6 19. Ne3 Nxe3 20. Bxe3 Qf7 21.
Rd1 Be6 22. Nc5 Rad8 23. Nxe6 Qxe6 24. Bb6 Rd7 25. Bb3 Ne7 26. Bc5 Rc8 27. Bxe7
Bxe7 28. Rfe1 Bf6 29. Qf3 Rcd8 30. Qe2 Kg7 31. Rd3 Qc6 32. Rh3 b5 33. Qd2 h5
34. Rg3 e4 35. Qd1 Kh7 36. Qb1 Be5 37. Rge3 Qf6 38. g3 Bc7 39. Qc2 Bb6 40. R3e2
h4 41. Qc1 Rf8 42. Qf4 Qxf4 43. gxf4 Rxf4 44. Kg2 Kh6 45. Rd1 d4 46. cxd4 Rxd4
47. Rxd4 Bxd4 48. Bd5 g5 49. Bxe4 Bxb2 50. Bb7 Bd4 51. Bxa6 b4 52. Bc8 Rf6 53.
Be6 Bxf2 54. Bb3 Bd4 55. Rd2 Bc3 56. Re2 Rf4 57. Bc2 Bd4 58. h3 Rf6 59. Be4 Bc3
60. Bf3 Rd6 1/2-1/2

[Event "Interclubs Adultes"]
[Site "BELFORT"]
[Date "15.??.??"]
[Round "8.7"]
[White "Sasot Samplon, Eloy"]
[Black "L'Huillier, Helene"]
[Result "1-0"]
[WhiteElo "2149"]
[BlackElo "2010"]
[PlyCount "47"]
[EventDate "15.??.??"]
[WhiteTeam "C.E.I. Toulouse"]
[BlackTeam "Creteil"]

1. d4 d5 2. c4 c6 3. Nc3 e6 4. e3 Nf6 5. Nf3 Bd6 6. Bd3 Nbd7 7. e4 dxe4 8. Nxe4
Nxe4 9. Bxe4 Nf6 10. Bc2 h6 11. O-O O-O 12. Qd3 Qc7 13. h3 Re8 14. Re1 e5 15.
dxe5 Bxe5 16. Nxe5 Rxe5 17. Bf4 Rxe1+ 18. Rxe1 Qa5 19. Re5 Qb4 20. Qd8+ Qf8 21.
Bh7+ Nxh7 22. Re8 Qxe8 23. Qxe8+ Nf8 24. Bd6 1-0

[Event "Interclubs Adultes"]
[Site "BELFORT"]
[Date "15.??.??"]
[Round "8.8"]
[White "L'Huillier, Robin"]
[Black "Dia, Hussein"]
[Result "1/2-1/2"]
[WhiteElo "1911"]
[BlackElo "1910"]
[PlyCount "72"]
[EventDate "15.??.??"]
[WhiteTeam "Creteil"]
[BlackTeam "C.E.I. Toulouse"]

1. e4 d5 2. exd5 Qxd5 3. Nc3 Qa5 4. d4 Nf6 5. Bc4 Bf5 6. Nf3 e6 7. O-O Bb4 8.
Bd2 c6 9. a3 Bxc3 10. Bxc3 Qc7 11. Re1 O-O 12. Nh4 Be4 13. f3 Bd5 14. Bxd5 Nxd5
15. Qd2 Nxc3 16. bxc3 Nd7 17. f4 Qa5 18. Nf3 Nb6 19. Qd3 c5 20. Ng5 f5 21. Nxe6
c4 22. Qg3 Rf7 23. Re5 Qa4 24. Nc5 Qxc2 25. Rae1 Na4 26. Qe3 Nxc5 27. Rxc5 Qa4
28. Qe6 b5 29. Rxf5 Raf8 30. Rxf7 Rxf7 31. Qd5 g6 32. Re7 Qd1+ 33. Kf2 Qd2+ 34.
Kg3 Qxf4+ 35. Kh3 Qh6+ 36. Kg3 Qf4+ 1/2-1/2

[Event "Interclubs Adultes"]
[Site "BELFORT"]
[Date "15.??.??"]
[Round "8.1"]
[White "Charnushevich, Aliaksei"]
[Black "Schwalfenberg, Joerg"]
[Result "1-0"]
[WhiteElo "2537"]
[BlackElo "2332"]
[PlyCount "41"]
[EventDate "15.??.??"]
[WhiteTeam "Besançon T.P.G."]
[BlackTeam "Gambsheim"]

1. d4 d5 2. c4 c6 3. Nf3 Nf6 4. e3 e6 5. Nc3 Nbd7 6. Qc2 Bd6 7. Be2 O-O 8. O-O
Qe7 9. e4 dxe4 10. Nxe4 Nxe4 11. Qxe4 f5 12. Qc2 e5 13. c5 Bc7 14. Bg5 Qe8 15.
dxe5 Nxe5 16. Nxe5 Qxe5 17. g3 f4 18. Bxf4 Rxf4 19. gxf4 Qf6 20. Rfe1 Rb8 21.
Bc4+ 1-0

[Event "Interclubs Adultes"]
[Site "BELFORT"]
[Date "15.??.??"]
[Round "8.2"]
[White "Postojev, Alexander"]
[Black "Crut, Aurelien"]
[Result "1-0"]
[WhiteElo "2303"]
[BlackElo "2314"]
[PlyCount "93"]
[EventDate "15.??.??"]
[WhiteTeam "Gambsheim"]
[BlackTeam "Besançon T.P.G."]

1. Nf3 d5 2. c4 e6 3. g3 Nf6 4. Bg2 dxc4 5. Qa4+ Nbd7 6. Qxc4 c5 7. O-O b6 8.
Nd4 Ne5 9. Nc6 Nxc4 10. Nxd8 Nd5 11. Nc6 Bb7 12. d3 Nd6 13. Ne5 f6 14. Nc4
O-O-O 15. Nba3 Nxc4 16. Nxc4 e5 17. Bd2 Be7 18. Rfc1 Kb8 19. a4 g5 20. a5 b5
21. a6 bxc4 22. axb7 cxd3 23. exd3 Kxb7 24. Ba5 Rd7 25. b4 Kc6 26. Rc4 Rb8 27.
d4 exd4 28. Re1 Bf8 29. Re6+ Kb5 30. Bf1 d3 31. Bxd3 Nf4 32. Rxc5+ Ka4 33. Bc2+
Ka3 34. Re3+ Kb2 35. Rc6 Rd2 36. Ba4 Ne2+ 37. Kg2 Nd4 38. Rc4 Nc2 39. Rb3+ Ka2
40. b5 Na1 41. Re3 Rb2 42. Bc3 Rb1 43. Re2+ Ka3 44. Bxa1 Bb4 45. Bc2 Rxa1 46.
Re3+ Kb2 47. Rb3+ 1-0

[Event "Interclubs Adultes"]
[Site "BELFORT"]
[Date "15.??.??"]
[Round "8.3"]
[White "Sermier, Guillaume"]
[Black "Becht, Lucas"]
[Result "1-0"]
[WhiteElo "2366"]
[BlackElo "2205"]
[PlyCount "123"]
[EventDate "15.??.??"]
[WhiteTeam "Besançon T.P.G."]
[BlackTeam "Gambsheim"]

1. e4 c5 2. Nf3 Nc6 3. d4 cxd4 4. Nxd4 Nf6 5. Nc3 e5 6. Ndb5 d6 7. Bg5 a6 8.
Na3 b5 9. Nd5 Be7 10. Bxf6 Bxf6 11. c3 O-O 12. Nc2 Bg5 13. a4 bxa4 14. Rxa4 a5
15. Bb5 Ne7 16. Nce3 Bxe3 17. Nxe3 Rb8 18. c4 Bb7 19. Qd3 Bc6 20. O-O Bxb5 21.
cxb5 Qb6 22. Nc4 Qxb5 23. Rxa5 Qb4 24. Ra6 Qb5 25. Rxd6 Rfc8 26. b3 Ng6 27. Rd5
Qxb3 28. Qxb3 Rxb3 29. Nxe5 Nxe5 30. Rxe5 Rb2 31. Rg5 Re2 32. f3 Rcc2 33. h4 g6
34. h5 Kg7 35. hxg6 hxg6 36. e5 f6 37. exf6+ Kxf6 38. Rg4 Kf5 39. Ra1 Ra2 40.
Rxa2 Rxa2 41. Kh2 g5 42. Kh3 Ra3 43. Rb4 Rc3 44. Rb5+ Kf4 45. g3+ Kxf3 46. Rxg5
Rc1 47. Rf5+ Ke4 48. g4 Rh1+ 49. Kg3 Rh8 50. Ra5 Rh1 51. g5 Rg1+ 52. Kh4 Rh1+
53. Kg4 Rh8 54. g6 Rh1 55. Kg5 Rg1+ 56. Kf6 Rf1+ 57. Ke6 Rg1 58. Ra4+ Kd3 59.
Kf7 Rf1+ 60. Kg8 Rg1 61. g7 Rf1 62. Rh4 1-0

[Event "Interclubs Adultes"]
[Site "BELFORT"]
[Date "15.??.??"]
[Round "8.4"]
[White "Mohebbi, Jaffar"]
[Black "Claverie, Christophe"]
[Result "1/2-1/2"]
[WhiteElo "2257"]
[BlackElo "2324"]
[PlyCount "86"]
[EventDate "15.??.??"]
[WhiteTeam "Gambsheim"]
[BlackTeam "Besançon T.P.G."]

1. d4 d5 2. Nf3 Nc6 3. Bf4 Nf6 4. e3 Bg4 5. h3 Bxf3 6. Qxf3 e6 7. Nd2 h6 8. c3
Bd6 9. e4 dxe4 10. Nxe4 Nxe4 11. Qxe4 Bxf4 12. Qxf4 Qd5 13. Be2 O-O 14. O-O e5
15. Bf3 Qc4 16. Qg3 exd4 17. Qxc7 dxc3 18. Qxb7 Na5 19. Qd7 cxb2 20. Rab1 Rab8
21. Qf5 Rb5 22. Qd7 Qc5 23. Rfd1 Rbb8 24. Rd5 Qc2 25. Rdd1 Nc4 26. Qd3 Qa4 27.
Qd4 Qb4 28. Rd3 Rfd8 29. Bd5 Rbc8 30. Qf4 Kh8 31. Rd4 Rxd5 32. Rxd5 Qc3 33. Qf5
Re8 34. Qxf7 Rg8 35. Qf3 Qxf3 36. gxf3 Rb8 37. Rd3 a5 38. Rb3 Rd8 39. R1xb2
Nxb2 40. Rxb2 Rd4 41. Kg2 Kh7 42. Re2 Ra4 43. Kg3 g5 1/2-1/2

[Event "Interclubs Adultes"]
[Site "BELFORT"]
[Date "15.??.??"]
[Round "8.6"]
[White "Marzolf, Bruno"]
[Black "Burnier, David"]
[Result "1/2-1/2"]
[WhiteElo "2235"]
[BlackElo "2304"]
[PlyCount "135"]
[EventDate "15.??.??"]
[WhiteTeam "Gambsheim"]
[BlackTeam "Besançon T.P.G."]

1. e4 e5 2. Nf3 Nc6 3. Bb5 a6 4. Bxc6 dxc6 5. O-O Ne7 6. Nxe5 Qd4 7. Qh5 g6 8.
Qg5 Bg7 9. Nd3 f5 10. e5 c5 11. b3 b6 12. Bb2 Qg4 13. Qxg4 fxg4 14. Na3 O-O 15.
Nc4 Be6 16. Ne3 Rad8 17. a4 a5 18. Rad1 Nc6 19. Rfe1 Rd7 20. Bc3 Rdf7 21. Re2
h5 22. Rde1 h4 23. Nc4 g5 24. Re3 Rd7 25. R3e2 Nd8 26. Ndb2 Rdf7 27. d3 Nc6 28.
Nd2 h3 29. Nbc4 hxg2 30. Ne4 Bd5 31. Nf6+ Bxf6 32. exf6 Nd4 33. Bxd4 cxd4 34.
Re5 Bf3 35. Rxg5+ Kh7 36. Ne5 Rxf6 37. Nd7 Kh6 38. Rge5 R8f7 39. Nxf6 Rxf6 40.
Re7 c5 41. Re8 Kg7 42. R1e7+ Kg6 43. Re6 Bd1 44. Rxf6+ Kxf6 45. Rb8 Bxc2 46.
Rxb6+ Ke5 47. Kxg2 Bxd3 48. f3 Be2 49. Kf2 d3 50. Ke3 gxf3 51. Rb8 Bd1 52. Kxd3
f2 53. Rf8 Bxb3 54. Rxf2 Bxa4 55. Kc4 Bc6 56. Kxc5 Be4 57. Kb5 Bf5 58. Kxa5 Kf6
59. Kb4 Kg6 60. Kc5 Be6 61. Kd6 Bg8 62. Rg2+ Kh7 63. Ke7 Kh8 64. Kf6 Bd5 65.
Rg5 Bg8 66. Rc5 Bh7 67. Rc8+ Bg8 68. Kg6 1/2-1/2

[Event "Interclubs Adultes"]
[Site "BELFORT"]
[Date "15.??.??"]
[Round "8.7"]
[White "Minet, Steve"]
[Black "Engelmann, Herve"]
[Result "1-0"]
[WhiteElo "2152"]
[BlackElo "2067"]
[PlyCount "55"]
[EventDate "15.??.??"]
[WhiteTeam "Besançon T.P.G."]
[BlackTeam "Gambsheim"]

1. e4 e5 2. Nf3 Nc6 3. Bb5 a6 4. Bxc6 dxc6 5. O-O Bg4 6. h3 Bh5 7. g4 Bg6 8.
Nxe5 Qh4 9. Qf3 Bd6 10. d4 f6 11. Nxg6 hxg6 12. e5 fxe5 13. dxe5 Bc5 14. Kg2
O-O-O 15. Nc3 Rf8 16. Qg3 Qh7 17. Ne4 Be7 18. Ng5 Bxg5 19. Bxg5 Nh6 20. e6 Ng8
21. Rad1 Nf6 22. Bxf6 Rxf6 23. Rd7 Rf4 24. Rxc7+ Kxc7 25. Qxf4+ Kc8 26. Qe3 g5
27. e7 Re8 28. Qe6+ 1-0

[Event "Interclubs Adultes"]
[Site "BELFORT"]
[Date "15.??.??"]
[Round "8.8"]
[White "Criqui, Laurence"]
[Black "Lamotte, Gaelle"]
[Result "0-1"]
[WhiteElo "1680"]
[BlackElo "1915"]
[PlyCount "62"]
[EventDate "15.??.??"]
[WhiteTeam "Gambsheim"]
[BlackTeam "Besançon T.P.G."]

1. e4 d5 2. exd5 Qxd5 3. Nc3 Qa5 4. d4 Nf6 5. Nf3 Bf5 6. Bd2 c6 7. Bc4 Qc7 8.
Ne5 e6 9. g4 Bg6 10. h4 Nbd7 11. Nxg6 hxg6 12. Qe2 Nb6 13. Bb3 O-O-O 14. g5
Nfd5 15. O-O-O Bd6 16. Qf3 Bf4 17. Nxd5 Nxd5 18. c3 Bxd2+ 19. Rxd2 Qf4 20. Qxf4
Nxf4 21. f3 Kd7 22. Kc2 Nh5 23. Rdh2 Ng3 24. Re1 Nf5 25. a3 Rxh4 26. Rxh4 Nxh4
27. f4 Ng2 28. Rh1 Ke7 29. Rh7 Nxf4 30. Rxg7 Rh8 31. Ba2 Kf8 0-1

[Event "Interclubs Adultes"]
[Site "BELFORT"]
[Date "15.??.??"]
[Round "8.2"]
[White "Heimann, Andreas"]
[Black "Doncea, Vladimir"]
[Result "1/2-1/2"]
[WhiteElo "2403"]
[BlackElo "2444"]
[PlyCount "38"]
[EventDate "15.??.??"]
[WhiteTeam "Mulhouse II"]
[BlackTeam "Lyon Olympique Echecs"]

1. e4 c5 2. Nf3 e6 3. d4 cxd4 4. Nxd4 Nf6 5. Nc3 Nc6 6. Ndb5 Bc5 7. Bf4 O-O 8.
Bc7 Qe7 9. Bd6 Bxd6 10. Qxd6 Ne8 11. Qxe7 Nxe7 12. O-O-O f5 13. Nd6 Nxd6 14.
Rxd6 fxe4 15. Nxe4 Nf5 16. Rd2 d5 17. Ng5 b6 18. Nf3 Nd6 19. Bd3 Bd7 1/2-1/2

[Event "Interclubs Adultes"]
[Site "BELFORT"]
[Date "15.??.??"]
[Round "8.3"]
[White "Benitah, Yohan"]
[Black "Kurmann, Oliver"]
[Result "1/2-1/2"]
[WhiteElo "2413"]
[BlackElo "2389"]
[PlyCount "120"]
[EventDate "15.??.??"]
[WhiteTeam "Lyon Olympique Echecs"]
[BlackTeam "Mulhouse II"]

1. d4 Nf6 2. c4 e6 3. Nc3 c5 4. d5 exd5 5. cxd5 d6 6. e4 g6 7. f3 Bg7 8. Bg5
O-O 9. Nge2 a6 10. a4 Nbd7 11. Ng3 Re8 12. Be2 h6 13. Be3 h5 14. O-O Nh7 15.
Qd2 Ne5 16. Nh1 f5 17. Nf2 Bd7 18. h3 h4 19. a5 b5 20. axb6 Qxb6 21. Na4 Qb7
22. f4 Nf7 23. e5 Bxa4 24. Rxa4 dxe5 25. fxe5 Bxe5 26. Bxc5 Nf6 27. Rd1 Red8
28. Bf3 Qxb2 29. Qxb2 Bxb2 30. Be7 Rd7 31. d6 Re8 32. Nd3 Rdxe7 33. dxe7 Be5
34. Nxe5 Nxe5 35. Rxa6 Kf7 36. Rdd6 Nfd7 37. Bc6 Rxe7 38. Bxd7 Rxd7 39. Kf2
Rxd6 40. Rxd6 Kg7 41. Rd4 g5 42. Rd6 Kf7 43. Ke2 Ng6 44. Ra6 Nf4+ 45. Kf3 Ne6
46. Ke3 Ke7 47. Rb6 Kf6 48. Kf2 Ke5 49. g3 hxg3+ 50. Kxg3 Kf6 51. h4 gxh4+ 52.
Kxh4 Ke5 53. Kg3 Kf6 54. Kf3 Ke5 55. Ke3 Kf6 56. Rb7 Ke5 57. Rf7 f4+ 58. Kf2
Ng5 59. Rf8 Ne6 60. Rg8 Kf5 1/2-1/2

[Event "Interclubs Adultes"]
[Site "BELFORT"]
[Date "15.??.??"]
[Round "8.4"]
[White "Riff, Vincent"]
[Black "Renaze, Luc"]
[Result "1/2-1/2"]
[WhiteElo "2317"]
[BlackElo "2316"]
[PlyCount "26"]
[EventDate "15.??.??"]
[WhiteTeam "Mulhouse II"]
[BlackTeam "Lyon Olympique Echecs"]

1. e4 e5 2. Nf3 Nc6 3. Bb5 a6 4. Ba4 Nf6 5. d3 d6 6. O-O Be7 7. c3 O-O 8. Re1
h6 9. Nbd2 b5 10. Bc2 Nh7 11. Nf1 Ng5 12. Ne3 Nxf3+ 13. Qxf3 Bg5 1/2-1/2

[Event "Interclubs Adultes"]
[Site "BELFORT"]
[Date "15.??.??"]
[Round "8.5"]
[White "Vernay, Clovis"]
[Black "Lerch, Patrice"]
[Result "0-1"]
[WhiteElo "2391"]
[BlackElo "2300"]
[PlyCount "64"]
[EventDate "15.??.??"]
[WhiteTeam "Lyon Olympique Echecs"]
[BlackTeam "Mulhouse II"]

1. d4 Nf6 2. c4 e6 3. Nc3 Bb4 4. e3 O-O 5. Nge2 d5 6. a3 Be7 7. cxd5 exd5 8.
Nf4 a5 9. Bd3 c6 10. h3 Na6 11. O-O Nc7 12. Bd2 Ne6 13. Nxe6 Bxe6 14. Rc1 Bd6
15. Be1 Re8 16. f4 Bd7 17. Bf2 Rc8 18. Re1 Ne4 19. Nxe4 dxe4 20. Bc4 b5 21. Ba2
Qe7 22. Re2 h6 23. Rec2 Kh7 24. Qh5 Rf8 25. Bh4 f6 26. Rf1 c5 27. dxc5 Bxc5 28.
Re2 b4 29. axb4 Bxb4 30. Rd1 Rc5 31. f5 Rxf5 32. Rxd7 Rxh5 0-1

[Event "Interclubs Adultes"]
[Site "BELFORT"]
[Date "15.??.??"]
[Round "8.6"]
[White "Fargere, Francois"]
[Black "Ravot, Sylvain"]
[Result "1-0"]
[WhiteElo "2324"]
[BlackElo "2241"]
[PlyCount "123"]
[EventDate "15.??.??"]
[WhiteTeam "Mulhouse II"]
[BlackTeam "Lyon Olympique Echecs"]

1. e4 c5 2. Nf3 e6 3. Nc3 a6 4. d4 cxd4 5. Nxd4 b5 6. Bd3 Bb7 7. O-O d6 8. Qe2
Nf6 9. Kh1 Be7 10. f4 h5 11. Rf3 Qb6 12. Be3 Qc7 13. Bg1 Nbd7 14. Rh3 Nc5 15.
Nb3 g6 16. Bd4 Rg8 17. e5 Nd5 18. Nxd5 Bxd5 19. exd6 Bxd6 20. Nxc5 Bxc5 21.
Bxb5+ axb5 22. Qxb5+ Qd7 23. Qxd7+ Kxd7 24. Bxc5 Rgc8 25. b4 Ra4 26. a3 Kc6 27.
Kg1 Kb5 28. Rc3 Rca8 29. Kf2 Bc4 30. g3 Rd8 31. Ke1 Rda8 32. Re3 Bd5 33. Kd2
Kc4 34. Kc1 Kb5 35. Kb2 Rc8 36. Rc3 Raa8 37. Rd1 Rc6 38. Rd4 Rc7 39. Re3 Ra4
40. Rdd3 Ra8 41. Re1 Rcc8 42. Rc1 f5 43. Rd4 Bc4 44. Ra1 Ra4 45. Rd6 Rb8 46. h4
Bd5 47. Kc3 Rb7 48. Rd8 Rg7 49. Kd4 Rb7 50. Bd6 Rb6 51. Bc5 Rb7 52. Rc8 Rd7 53.
Rb8+ Bb7+ 54. Kc3 Kc6 55. Kb3 Ra6 56. a4 Kc7 57. Rg8 Bc6 58. Rxg6 Rd2 59. Rg7+
Kc8 60. a5 Bb5 61. Bb6 Rd6 62. Rc1 1-0

[Event "Interclubs Adultes"]
[Site "BELFORT"]
[Date "15.??.??"]
[Round "8.7"]
[White "Safranska, Anda"]
[Black "Leburgue, Sylvain"]
[Result "1/2-1/2"]
[WhiteElo "2299"]
[BlackElo "2231"]
[PlyCount "111"]
[EventDate "15.??.??"]
[WhiteTeam "Lyon Olympique Echecs"]
[BlackTeam "Mulhouse II"]

1. Nf3 d5 2. g3 Nf6 3. Bg2 Bg4 4. O-O c6 5. d3 Bxf3 6. Bxf3 Nbd7 7. e4 dxe4 8.
dxe4 e5 9. Nd2 Bc5 10. Nb3 Be7 11. Be3 O-O 12. a4 a5 13. Qe2 Qc7 14. Bg2 Rfe8
15. Rfd1 Bf8 16. f3 h6 17. Bf1 Nh7 18. Qf2 Ng5 19. Rd2 Ne6 20. Rad1 Rad8 21.
Bc4 b6 22. Bxe6 fxe6 23. Qe2 Nb8 24. Qc4 Rxd2 25. Nxd2 Kh8 26. Kg2 Nd7 27. Nb3
Nf6 28. Nc1 Nd7 29. Nd3 Qb7 30. Qc3 Qc7 31. b3 Be7 32. Qd2 Kh7 33. Qf2 Ba3 34.
g4 Rf8 35. Qg3 Be7 36. h4 g6 37. Rh1 Qd6 38. h5 g5 39. Rd1 Qc7 40. Qe1 Rb8 41.
Qc3 Ra8 42. Qc4 Nf8 43. Bc1 Kg8 44. Bb2 Bd6 45. Qc3 Rd8 46. Rf1 Nd7 47. Rf2 Kh7
48. Ba1 Rg8 49. Kh3 Rf8 50. Rf1 Rg8 51. Qc4 Re8 52. Rd1 Re7 53. Kg2 Re8 54. Qc3
Rd8 55. Qd2 Be7 56. Qe2 1/2-1/2

[Event "Interclubs Adultes"]
[Site "BELFORT"]
[Date "15.??.??"]
[Round "8.8"]
[White "Richard, Emma"]
[Black "Mehiaoui, Dounia"]
[Result "1/2-1/2"]
[WhiteElo "1955"]
[BlackElo "1861"]
[PlyCount "61"]
[EventDate "15.??.??"]
[WhiteTeam "Mulhouse II"]
[BlackTeam "Lyon Olympique Echecs"]

1. e4 e5 2. Nf3 Nc6 3. Bb5 a6 4. Ba4 Nf6 5. d3 b5 6. Bb3 Be7 7. Nbd2 O-O 8. Nf1
d6 9. c3 Na5 10. Bc2 c5 11. Ng3 g6 12. O-O Qc7 13. Bg5 Rd8 14. d4 cxd4 15. cxd4
exd4 16. Rc1 Bb7 17. Qxd4 Nc6 18. Bb3 Ng4 19. Qc3 Rac8 20. h3 Nge5 21. Nxe5
dxe5 22. Bh6 Bf8 23. Bg5 Be7 24. Be3 Bb4 25. Qxb4 Nxb4 26. Rxc7 Rxc7 27. Bb6
Rdd7 28. Bxc7 Rxc7 29. Rd1 Kf8 30. Rd8+ Ke7 31. Rd2 1/2-1/2

[Event "Interclubs Adultes"]
[Site "BELFORT"]
[Date "15.??.??"]
[Round "8.1"]
[White "Sanchez, Joseph"]
[Black "Shirazi, Kamran"]
[Result "1-0"]
[WhiteElo "2492"]
[BlackElo "2422"]
[PlyCount "43"]
[EventDate "15.??.??"]
[WhiteTeam "Cannes II"]
[BlackTeam "Lutèce Echecs"]

1. e4 e5 2. Nf3 Nc6 3. Bb5 f5 4. Nc3 Bb4 5. Bxc6 bxc6 6. Nxe5 Qf6 7. d4 Ne7 8.
Qh5+ g6 9. Qh6 d6 10. Bg5 Qe6 11. Bxe7 Qxe7 12. Nxc6 Qxe4+ 13. Kd2 Bxc3+ 14.
bxc3 Kf7 15. Nd8+ Kf6 16. Rae1 Qxg2 17. Rhg1 Qxf2+ 18. Kc1 Rxd8 19. Qg5+ Kg7
20. Qxd8 Qf4+ 21. Kb2 Qf3 22. Re7+ 1-0

[Event "Interclubs Adultes"]
[Site "BELFORT"]
[Date "15.??.??"]
[Round "8.2"]
[White "Babault, Patrice"]
[Black "Marino, Olivier"]
[Result "1-0"]
[WhiteElo "2320"]
[BlackElo "2118"]
[PlyCount "59"]
[EventDate "15.??.??"]
[WhiteTeam "Lutèce Echecs"]
[BlackTeam "Cannes II"]

1. e4 c6 2. c4 e6 3. d4 d5 4. Nc3 Nf6 5. e5 Nfd7 6. Nf3 Be7 7. Bd3 dxc4 8. Bxc4
Nb6 9. Bd3 Nd5 10. O-O b6 11. Nxd5 cxd5 12. Be3 O-O 13. Qc2 h6 14. Qe2 a5 15.
Bb1 Nd7 16. Qc2 f5 17. exf6 Nxf6 18. Bxh6 Ne4 19. Be3 Bd6 20. Rc1 Rxf3 21. gxf3
Ba6 22. fxe4 Bxh2+ 23. Kg2 Qh4 24. Qd1 dxe4 25. Qh1 Qg4+ 26. Kxh2 Kf7 27. Qg2
Rh8+ 28. Kg1 Qe2 29. Bxe4 Rh4 30. Rc7+ 1-0

[Event "Interclubs Adultes"]
[Site "BELFORT"]
[Date "15.??.??"]
[Round "8.3"]
[White "Delabaca, Romuald"]
[Black "San Emeterio Cabanes, Jose L"]
[Result "0-1"]
[WhiteElo "2173"]
[BlackElo "2383"]
[PlyCount "72"]
[EventDate "15.??.??"]
[WhiteTeam "Cannes II"]
[BlackTeam "Lutèce Echecs"]

1. e4 c5 2. Nf3 Nc6 3. d4 cxd4 4. Nxd4 Nf6 5. Nc3 e5 6. Ndb5 d6 7. Bg5 a6 8.
Na3 b5 9. Nd5 Be7 10. Bxf6 Bxf6 11. c3 Rb8 12. Nc2 Bg5 13. a4 bxa4 14. Ncb4 Bd7
15. Bxa6 Nxb4 16. Nxb4 Qa5 17. Qxd6 Rb6 18. Qd3 Be7 19. Nd5 Rxb2 20. O-O Qc5
21. Rab1 Rxb1 22. Rxb1 O-O 23. Bb5 Bxb5 24. Qxb5 a3 25. Qa6 Bd6 26. Rb4 Rc8 27.
g3 Bf8 28. Kg2 h6 29. Kf3 Qxc3+ 30. Nxc3 Rxc3+ 31. Kg2 Bxb4 32. Qa8+ Bf8 33.
Qd5 Rc2 34. Qb3 a2 35. Qa4 Rd2 36. Kf3 Rd3+ 0-1

[Event "Interclubs Adultes"]
[Site "BELFORT"]
[Date "15.??.??"]
[Round "8.4"]
[White "Lamorelle, Yves"]
[Black "Canneva, Florian"]
[Result "0-1"]
[WhiteElo "2235"]
[BlackElo "2100"]
[PlyCount "84"]
[EventDate "15.??.??"]
[WhiteTeam "Lutèce Echecs"]
[BlackTeam "Cannes II"]

1. e4 c5 2. Nf3 e6 3. c3 d5 4. e5 d4 5. Bd3 Bd7 6. b4 Bc6 7. b5 Bxf3 8. Qxf3
Qc7 9. Qg3 Nd7 10. f4 c4 11. Be2 d3 12. Bf3 Nh6 13. Na3 Nf5 14. Qh3 g5 15. O-O
gxf4 16. Bg4 Nh6 17. Bh5 Qxe5 18. Kh1 Nf6 19. Bf3 Qc7 20. b6 axb6 21. Nb5 Qe5
22. Bxb7 Ra5 23. a4 Nhg4 24. Bb2 Bc5 25. Bc6+ Ke7 26. Nd4 Qd6 27. Bb5 Raa8 28.
Bxc4 Ne5 29. Bb5 Rhg8 30. Rae1 Nfg4 31. Rxf4 Rg6 32. Qh4+ Kf8 33. h3 Nf3 34.
Qg3 Nxe1 35. hxg4 e5 36. Qxe1 exf4 37. Qe4 Qe7 38. g5 f3 39. Nxf3 Qxg5 40. c4
Re8 41. Be5 Rxe5 42. Nxe5 Rh6+ 0-1

[Event "Interclubs Adultes"]
[Site "BELFORT"]
[Date "15.??.??"]
[Round "8.5"]
[White "Kerbrat, Julien"]
[Black "Maleki, Nicolas"]
[Result "1-0"]
[WhiteElo "2193"]
[BlackElo "2193"]
[PlyCount "109"]
[EventDate "15.??.??"]
[WhiteTeam "Cannes II"]
[BlackTeam "Lutèce Echecs"]

1. e4 e5 2. Nf3 Nc6 3. d4 exd4 4. Bc4 Nf6 5. e5 d5 6. Bb5 Ne4 7. Nxd4 Bd7 8.
Bxc6 bxc6 9. O-O Bc5 10. Be3 O-O 11. f3 Ng5 12. f4 Ne4 13. Nd2 f5 14. c3 Bb6
15. Re1 Qe7 16. N4b3 Rab8 17. Qc2 Qh4 18. Bxb6 cxb6 19. Rf1 c5 20. Nxe4 fxe4
21. g3 Qh3 22. c4 Bc6 23. cxd5 Bxd5 24. Nd2 Rbd8 25. Rae1 e3 26. Nc4 Bxc4 27.
Qxc4+ Kh8 28. Rxe3 Rd4 29. Qc2 Rfd8 30. Re2 h5 31. e6 h4 32. e7 Re8 33. Qg6 Qd7
34. Qh5+ Kg8 35. Qxh4 Rd1 36. Qg5 Qd4+ 37. Kg2 Rxf1 38. Kxf1 Qd1+ 39. Kf2 Qd4+
40. Kg2 Qd3 41. Qe5 g6 42. Qe4 Qd6 43. Qe6+ Qxe6 44. Rxe6 Kf7 45. Re5 Rxe7 46.
Rxe7+ Kxe7 47. Kf3 Ke6 48. Ke4 c4 49. g4 b5 50. h4 a5 51. Kd4 Kd6 52. h5 gxh5
53. gxh5 Ke6 54. Kc5 a4 55. a3 1-0

[Event "Interclubs Adultes"]
[Site "BELFORT"]
[Date "15.??.??"]
[Round "8.6"]
[White "Carpentier, Pierre"]
[Black "Rosner, Jonas"]
[Result "1-0"]
[WhiteElo "2193"]
[BlackElo "2135"]
[PlyCount "79"]
[EventDate "15.??.??"]
[WhiteTeam "Lutèce Echecs"]
[BlackTeam "Cannes II"]

1. e4 c5 2. Nc3 Nc6 3. g3 g6 4. Bg2 Bg7 5. d3 d6 6. Nf3 e6 7. O-O Nge7 8. Bg5
O-O 9. Qd2 Rb8 10. Bh6 e5 11. Bxg7 Kxg7 12. Nh4 f6 13. f4 Nd4 14. Nd1 Be6 15.
Ne3 Qd7 16. c3 Ndc6 17. f5 Bf7 18. Ng4 Ng8 19. fxg6 hxg6 20. Ne3 Nge7 21. Rf2
Be6 22. Nd5 Bg4 23. Nxf6 Rxf6 24. Rxf6 Kxf6 25. Qh6 Rg8 26. Rf1+ Ke6 27. Nf3 d5
28. Ng5+ Kd6 29. exd5 Nxd5 30. Bxd5 Kxd5 31. Ne4 Qc8 32. Rf6 Be6 33. c4+ Kd4
34. Rf3 g5 35. Nxg5 e4 36. Nxe6+ Ke5 37. Qf6+ Kd6 38. Ng5+ Kc7 39. Qf4+ Kb6 40.
Nxe4 1-0

[Event "Interclubs Adultes"]
[Site "BELFORT"]
[Date "15.??.??"]
[Round "8.7"]
[White "Zermiche, Cherif"]
[Black "Wunderman, Xavier"]
[Result "1-0"]
[WhiteElo "2159"]
[BlackElo "2136"]
[PlyCount "83"]
[EventDate "15.??.??"]
[WhiteTeam "Cannes II"]
[BlackTeam "Lutèce Echecs"]

1. e4 c6 2. c4 d6 3. Nc3 Nf6 4. d4 Nbd7 5. f4 e5 6. dxe5 dxe5 7. fxe5 Nxe5 8.
Qxd8+ Kxd8 9. Bg5 Be7 10. O-O-O+ Ke8 11. Nf3 Nfd7 12. Be3 f6 13. Be2 Bc5 14.
Nd4 Nf8 15. Nf5 Bxe3+ 16. Nxe3 Be6 17. b3 b6 18. Nc2 Ke7 19. h3 h5 20. Nd4 h4
21. Rd2 Nfd7 22. Rhd1 Rad8 23. Na4 a6 24. c5 Rhf8 25. Kb2 Bg8 26. Kc3 a5 27. a3
Ra8 28. Nf3 g5 29. Nd4 Bh7 30. Bg4 Rfd8 31. Ne6 Bxe4 32. Nxd8 Rxd8 33. Nxb6 f5
34. Bf3 Nxb6 35. Bxe4 fxe4 36. Rxd8 Nd5+ 37. R8xd5 cxd5 38. Rxd5 Ke8 39. Kd4
Nd7 40. Rd6 Ke7 41. b4 axb4 42. axb4 1-0